000 00471nam a22001817a 4500
008 150930b xxu||||| |||| 00| 0 eng d
020 _a0240803655
041 0 _aeng
080 _a789.983
100 1 _aDiZazzo, Raymond.
245 1 0 _aCorporate media production /
_cRay DiZazzo.
260 _aBoston :
_bFocal Press,
_c2000.
300 _axii, 244 f. :
_bme il.;
_c28 cm.
650 0 _aMedia
650 0 _aInqizimi i videove
650 0 _aTelevizion
942 _2udc
_cBK
999 _c1202
_d1202